000 00553cam a2200181 4500500
005 20260329004749.0
041 _afre
042 _adc
100 1 0 _ade Oliveira, Victorine
_eauthor
245 0 0 _aLes Lumières à l’âge du vivant
260 _c2021.
500 _a16
690 _aCorine Pelluchon
690 _aLumières
690 _aVivant
786 0 _nPhilosophie magazine | 146 | 2 | 2021-02-01 | p. 97-97 | 1951-1787
856 4 1 _uhttps://shs.cairn.info/magazine-philosophie-magazine-2021-2-page-97?lang=fr&redirect-ssocas=7080
999 _c1837054
_d1837054